| 000 | 01181cam a22003617a 4500 | ||
|---|---|---|---|
| 003 | CHAP | ||
| 005 | 20220817043751.0 | ||
| 008 | 010327d2000 es d r 00110 spa d | ||
| 010 | _a83833 | ||
| 011 | _a84805 | ||
| 020 | _a8471148633 | ||
| 035 | _a95331 | ||
| 040 | _cCHAP | ||
| 082 |
_a338.1 _bB34 2000 |
||
| 100 | 0 | 0 |
_aBallestero, Enrique. _99723 |
| 245 | 1 | 0 |
_aEconomía de la empresa agraria y alimentaria _c/por Enrique Ballestero |
| 250 | _a2 ed. rev. y amp. | ||
| 260 |
_aMadrid : _bMundi-Prensa, _c2000 |
||
| 300 |
_a416 p. : _bgráfs. ; tablas ; cuadros |
||
| 590 |
_aBATCH-UPD _b10 _c20130110 _lUCH01 _h1148 |
||
| 590 |
_aBATCH-UPD _b10 _c20130410 _lUCH01 _h0733 |
||
| 590 |
_aBATCH-UPD _b10 _c20130914 _lUCH01 _h0200 |
||
| 590 |
_aBATCH-UPD _b10 _c20130914 _lUCH01 _h2133 |
||
| 590 |
_aCONVERSION _b10 _c20130109 _lUCH01 _h1347 |
||
| 650 | 1 | 4 |
_aAgricultura _xAspectos económicos. |
| 650 | 1 | 4 |
_aAlimentos _xIndustria. _94227 |
| 650 | 1 | 4 |
_aEmpresas. _936635 |
| 650 | 1 | 4 |
_aIndustrias agrícolas. _957925 |
| 901 | _aBK | ||
| 905 | _aMarco A. Mendoza T. | ||
| 942 | _cLIBRO | ||
| 949 |
_a338.1 B34 2000 _bBC _cLIBRO _d33724000819512 _eLIBRO _gI.210875 _h99913 _i95331 _si _t$342.55 |
||
| 999 |
_c83833 _d83833 |
||